[Listy Jozefa Miloslava Hurbana Imrichovi Laučekovi] [Listy Jozefa Miloslava Hurbana Danielovi Jonatánovi Zábojovi Laučekovi]

Korešpondencia sa týka hlavne syna Imricha Laučeka Daniela Jonatána - jeho štúdií v Nemecku, povolanie za kaplána; v liste z 12.8.1872 o pomníku M. M. Hodžovi v Č. Těšíne; v listoch z roku 1875 a 1879 sa vyjadruje k cirkevným záležitostiam (konvent, Cékuš); v liste z roku 1873 o zdravotných problémo...

Full description

Bibliographic Details
Main Author: Hurban, Jozef Miloslav, 1817-1888 (Author)
Format: Manuscript Book
Language:Czech
Slovak
Latin
PhysicalDescription:15 nečíslovaných strán rukopis, voľné listy 22-34 cm
Published: Hlub. 1871-1879
Subjects:

MARC

LEADER 00000ntmaa2200000 a 4500
001 vtls012023683
003 SK-MaSNL
005 20260301122850.0
008 251201i1871 xo || 000 idcze
035 |a urn:nbn:sk:snk-tm00fdye 
035 |a urn:nbn:sk:snk-tm3n46t 
035 |a 1BEB19F2-867E-4516-B904-BA744BB714F6 
040 |a SNKLA  |b slo  |c SNKLA  |e AACR2 
041 0 |a cze  |a slo  |a lat 
044 |a xo  |c SK 
080 |a 025.171  |2 2011 
080 |a (044)  |2 2011 
080 |a (430)  |2 2011 
080 |a 37.091.3  |2 2011 
080 |a 2-726.3-733  |2 2001 
080 |a 725.945  |2 2011 
080 |a 616.1/.9  |2 2011 
080 |a 615.8  |2 2011 
080 |a 2-732.3  |2 2011 
100 1 |a Hurban, Jozef Miloslav,  |d 1817-1888  |4 aut  |9 93005 
245 1 0 |a [Listy Jozefa Miloslava Hurbana Imrichovi Laučekovi]  |b [Listy Jozefa Miloslava Hurbana Danielovi Jonatánovi Zábojovi Laučekovi]  |c Hurban 
260 |a Hlub.  |c 1871-1879 
300 |a 15 nečíslovaných strán  |b rukopis, voľné listy  |c 22-34 cm 
500 |a Obsahuje 9 listov, z toho 7 je adresovaných Imrichovi Laučekovi a 2 jeho synovi Danielovi Jonatánovi 
500 |a Červená vosková pečať: Pečeť cirkve ev. a. v. hlubocké 
500 |a Pečiatky poštových úradov 
500 |a Adresáti určení katalogizátorom, resp. podľa obsahu 
520 2 |a Korešpondencia sa týka hlavne syna Imricha Laučeka Daniela Jonatána - jeho štúdií v Nemecku, povolanie za kaplána; v liste z 12.8.1872 o pomníku M. M. Hodžovi v Č. Těšíne; v listoch z roku 1875 a 1879 sa vyjadruje k cirkevným záležitostiam (konvent, Cékuš); v liste z roku 1873 o zdravotných problémoch I. Laučeka, Hurban mu zasiela návod na prípravu lieku. V súvislosti so štúdiami D. Laučeka spomína Hurban svojho syna Vladimíra, ktorý tiež študoval v Nemecku 
546 |a Napísané česky, slovakizovanou češtinou, slovensky; latinský citát 
555 0 |a Inventár rukopisov Literárneho archívu Matice slovenskej VIII. Fondy 31 - 41. Martin : Matica slovenská 1979 
561 |a Okrúhla pečiatka: Literárny archív Matice slovenskej Martin 
561 |a Pečiatka: Prír.č. a modrým atramentom, resp. červenou pastelkou 312 
600 1 7 |a Lauček, Daniel Jonatán Záboj,  |d 1846-1911  |2 SNKMA  |9 157629 
600 1 7 |a Cékuš, Štefan,  |d 1818-1890  |2 SNKMA  |9 242574 
600 1 7 |a Hurban, Vladimír,  |d 1850-1914  |2 SNKMA  |9 163862 
600 1 7 |a Hodža, Michal Miloslav,  |d 1811-1870  |2 SNKMA  |9 184937 
610 2 7 |a Evanjelická cirkev a.v.  |2 SNKKA  |9 32425 
650 0 7 |a štúdium a výučba  |2 SNKPH  |9 3982 
650 0 7 |a kňazské povolanie  |2 SNKPH  |9 875 
650 0 7 |a alternatívna medicína  |2 SNKPH  |9 901 
650 0 7 |a choroby  |2 SNKPH  |9 837 
650 0 7 |a pomníky  |2 SNKPH  |9 3013 
650 0 7 |a konventy  |2 SNKPH  |9 58651 
651 7 |a Český Těšín (Česko)  |2 SNKPHgeo  |9 58805 
651 7 |a Nemecko  |2 SNKPHgeo  |9 21020 
655 7 |a rukopisy  |2 SNKPH  |9 70548 
655 7 |a korešpondencia  |2 SNKPH  |9 60843 
655 7 |a listy  |2 SNKPH  |9 84490 
700 1 |a Lauček, Daniel Jonatán Záboj,  |d 1846-1911  |4 rcp  |9 157629 
700 1 |a Lauček, Imrich,  |d 1804-1881  |4 rcp  |9 366002 
740 0 2 |a [Listy Jozefa Miloslava Hurbana Danielovi Jonatánovi Laučekovi] 
752 |a Slovensko  |d Hlboké 
852 |a Slovenská národná knižnica  |b Literárny archív 
958 |a OF 
958 |a LAVD 
999 |c 734366  |d 736296 
952 |a SNKLA  |b SNKLA  |c SNKLA_DEP  |y NEVYP  |7 0  |p 17A1312092  |o snk32 B 67  |0 0  |1 0  |4 0  |d 2021-04-16  |f 1  |l 0  |r 2026-02-23 22:40:13  |w 2026-02-23